000 01250nam0a2200325 4500
001 RU\NLR\BIBL_A\011852977
005 20260324134946.0
010 _a978-5-222-30973-5
_97000
021 _aRU
_bКН-П-18-075882
_9КН-П-18-5486
035 _a(NLR Aleph) 011852977
035 _a(RuMoRGB)009770629
090 _a12111939
_c12111939
100 _a20260419 rusy50
101 0 _arus
102 _aRU
105 _aa|||f|||000zy
200 1 _aЯ в доме хозяин!
_eэнциклопедия бытовых приборов
_e[для детей младшего школьного возраста]
_fЕ. Ульева
210 _aРостов-на-Дону
_cФеникс-Премьер
_d2019 (cop. 2018)
215 _a47, [1] с.
_cцв. ил.
_d26
225 1 _aМоя первая книжка
333 _a0+
606 1 _aБытовые электроприборы
_jЭнциклопедии для детей
_2nlr_sh2
_3RU\NLR\AUTH\661291982
686 0 _aШ9
_bЗ
700 1 _aУльева
_bЕ. А.
_gЕлена Александровна
942 _cBOOK
980 _aNBR
980 _aNB